| 000 | 00433pab a2200157 454500 | ||
|---|---|---|---|
| 008 | 180718b2013 xxu||||| |||| 00| 0 eng d | ||
| 100 | _aSharma, Radha R. | ||
| 245 | _aAssessment and development centre as tools for competency development | ||
| 260 | _c2013 | ||
| 300 | _ap.56-61. | ||
| 362 | _aJul-Sep | ||
| 650 | _aEvaluation methods | ||
| 773 | _aIndian Journal of Training and Development | ||
| 908 | _aN | ||
| 909 | _a103149 | ||
| 999 |
_c103146 _d103146 |
||